LIBRARY & INFORMATION CENTRE, KCAET, TAVANUR

ONLINE PUBLIC ACCESS CATALOGUE (OPAC)

Theory and problems of programming with Fortran 77 / (Record no. 2769)

MARC details
000 -LEADER
fixed length control field 00549cam a2200205ua 4500
020 ## - INTERNATIONAL STANDARD BOOK NUMBER
ISBN 0-07-113532-4
041 ## - LANGUAGE CODE
Language code of text/sound track or separate title eng
082 ## - DEWEY DECIMAL CLASSIFICATION NUMBER
Classification number 005.133
Item number May/TH
100 ## - MAIN ENTRY--AUTHOR NAME
Personal name Mayo , William E .
245 ## - TITLE STATEMENT
Title Theory and problems of programming with Fortran 77 /
260 ## - PUBLICATION, DISTRIBUTION, ETC. (IMPRINT)
Place of publication New york :
Name of publisher Mc-Graw -hill ,
Year of publication 1995.
300 ## - PHYSICAL DESCRIPTION
Number of Pages 346 ; .
500 ## - GENERAL NOTE
General note 18930, 18931, 18932 CSS
700 1# - ADDED ENTRY--PERSONAL NAME
Personal name Cwiakala, Martin .
942 ## - ADDED ENTRY ELEMENTS (KOHA)
Koha item type Books
Holdings
Withdrawn status Lost status Damaged status Home library Current library Date acquired Full call number Accession Number Koha item type
      KAUAET   07/04/2012 005.133 18930 Books
      KAUAET   07/04/2012 005.133 18932 Books
      KAUAET   07/04/2012 005.133 18931 Books
free website counter